00974nam a2200277 a 4500001001000000003000500010005001700015008004100032010001100073011001100084020002900095020003000124020002400154040000900178082001600187245012700203260009500330300000700425490004000432500005600472650002300528700003800551700002700589700004000616830004000656000114516CHAP20220329144444.0180209s1985 mx |r| ||||||spa d a110977 a111949 a968-889-015-4(Volumen l) a968-889-017-0(Volumen ll) a9688890103(General) cCHAP04a972.63bT1100aTabasco :btextos de su historia /ccompilado por Ma. Eugenia Arias Gómez, Ana Lau Jaiven y Ximena Sepúlveda Otaíza. aVillahermosa, Tabasco :bGobierno del Estado de Tabasco,bJosé María Luis Mora,c1985. av. aBiblioteca básica Tabasqueñav7 aLa biblioteca de San Luis Acatlan tiene el v.1, v.214aTabascoxHistoria.1 aArias Gómez, Ma. Eugeniaecomp.1 aLau Jaiven, Anaecomp.1 aSepúlveda Otaíza, Ximenaecomp.0 aBiblioteca básica Tabasqueñav7